[Event "FICGS class C 000160 email"]
[Site "FICGS email"]
[Date "2011.11.02"]
[Round "1"]
[White "Timkin, Nikolay"]
[Black "Lois, Spyridon"]
[Result "1-0"]
[WhiteElo "1907"]
[BlackElo "1891"]
[PlyCount "65"]
[EventDate "2011.??.??"]
[EventType "tourn (corr)"]
[EventRounds "1"]
[SourceTitle "Corr 2013"]
[Source "ChessBase"]
[SourceDate "2012.11.12"]
[SourceVersion "1"]
[SourceVersionDate "2012.11.12"]
[SourceQuality "1"]

1. e4 c5 2. Nf3 Nc6 3. d4 cxd4 4. Nxd4 Nf6 5. Nc3 d6 6. Bg5 e6 7. Qd2 Be7 8. 0-0-0 Nxd4 9. Qxd4 0-0 10. f4 Qa5 11. Kb1 Rd8 12. h4 h6 13. Bd3 Kf8 14. Rdf1 hxg5 15. hxg5 Ng8 16. Rh7 f6 17. Qf2 d5 18. e5 f5 19. Rh8 d4 20. Ne2 Qb6 21. Qh4 Ba3 22. b3 Ke7 23. Qh7 Kd7 24. Rxg8 Rxg8 25. Qxg8 Qd8 26. Qxg7+ Kc6 27. g6 Bc5 28. Qf6 Bd7 29. g7 Qe7 30. Nxd4+ Kc7 31. c3 Rg8 32. b4 Qxg7 33. bxc5 1-0

[Event "FICGS class B 000145 email"]
[Site "FICGS email"]
[Date "2011.04.29"]
[Round "1"]
[White "Larsky, Mihail"]
[Black "Lois, Spyridon"]
[Result "1-0"]
[WhiteElo "1800"]
[BlackElo "1924"]
[PlyCount "93"]
[EventDate "2011.??.??"]
[EventType "tourn (corr)"]
[EventRounds "5"]
[SourceTitle "Corr 2013"]
[Source "ChessBase"]
[SourceDate "2012.11.12"]
[SourceVersion "1"]
[SourceVersionDate "2012.11.12"]
[SourceQuality "1"]

1. e4 e5 2. Nf3 Nc6 3. Bb5 a6 4. Ba4 Nf6 5. 0-0 b5 6. Bb3 Be7 7. Re1 d6 8. c3 0-0 9. h3 Na5 10. Bc2 c5 11. d4 Qc7 12. Nbd2 cxd4 13. cxd4 Nc6 14. Nb3 Bb7 15. d5 Nb4 16. Bb1 a5 17. Bd2 Nbxd5 18. exd5 a4 19. Nc1 Bxd5 20. Nd3 a3 21. b3 Bb7 22. Nb4 Rfe8 23. Bg5 Rad8 24. Qc2 Qc5 25. Bxf6 Qxc2 26. Bxc2 Bxf6 27. Rad1 d5 28. Bd3 Re6 29. Bf1 e4 30. Nd4 Rb6 31. Re2 Be7 32. Nbc2 b4 33. Red2 g6 34. Ne3 Rbd6 35. Rc2 Rb6 36. Bb5 Rdd6 37. Ba4 f5 38. g3 Bf6 39. Kg2 h5 40. h4 Kf8 41. f4 Kg8 42. Kf2 Kf8 43. Rc5 Be7 44. Nb5 Rd8 45. Rc7 Bd6 46. Nxd6 Rdxd6 47. Rd4 1-0

[Event "FICGS class B 000132 email"]
[Site "FICGS email"]
[Date "2010.12.21"]
[Round "1"]
[White "Lois, Spyridon"]
[Black "Migliorini, Roberto"]
[Result "1/2-1/2"]
[WhiteElo "1889"]
[BlackElo "1895"]
[PlyCount "38"]
[EventDate "2010.??.??"]
[EventType "tourn (corr)"]
[EventRounds "6"]
[SourceTitle "Corr 2013"]
[Source "ChessBase"]
[SourceDate "2012.11.12"]
[SourceVersion "1"]
[SourceVersionDate "2012.11.12"]
[SourceQuality "1"]

1. d4 d5 2. c4 dxc4 3. e3 e5 4. Bxc4 exd4 5. exd4 Nf6 6. Nc3 Be7 7. Nf3 0-0 8. 0-0 Nbd7 9. Re1 Nb6 10. Bb3 c6 11. Ne5 Nfd5 12. Bc2 Nb4 13. Bb1 N4d5 14. h3 Bf6 15. Bd3 Re8 16. Qf3 Nb4 17. Bxh7+ Kxh7 18. Qh5+ Kg8 19. Qxf7+ Kh7 1/2-1/2

[Event "FICGS class B 000132 email"]
[Site "FICGS email"]
[Date "2010.12.21"]
[Round "1"]
[White "Mamrukov, Dmitri"]
[Black "Lois, Spyridon"]
[Result "1-0"]
[WhiteElo "1841"]
[BlackElo "1889"]
[PlyCount "99"]
[EventDate "2010.??.??"]
[EventType "tourn (corr)"]
[EventRounds "6"]
[SourceTitle "Corr 2013"]
[Source "ChessBase"]
[SourceDate "2012.11.12"]
[SourceVersion "1"]
[SourceVersionDate "2012.11.12"]
[SourceQuality "1"]

1. d4 d5 2. c4 e6 3. Nf3 Nf6 4. g3 dxc4 5. Bg2 c5 6. 0-0 Nc6 7. dxc5 Qxd1 8. Rxd1 Bxc5 9. Nbd2 c3 10. bxc3 0-0 11. Nb3 Be7 12. Bb2 Bd7 13. c4 Rfd8 14. Nfd4 Rac8 15. Nb5 Nb4 16. Nd6 Bxd6 17. Rxd6 Ne8 18. Rd2 Bc6 19. Rxd8 Rxd8 20. a3 Na6 21. Bxc6 bxc6 22. Bd4 Rd7 23. f3 f6 24. Bf2 Kf7 25. c5 e5 26. Na5 Nec7 27. Rc1 Ne6 28. Nxc6 Rc7 29. Nb4 Naxc5 30. Nd5 Rc8 31. e4 Rc6 32. Rc4 g5 33. g4 h6 34. h3 Rc8 35. a4 a5 36. h4 Nd4 37. Bxd4 exd4 38. h5 Ke6 39. Kf1 d3 40. Ke1 Rc6 41. Ne3 Ke5 42. Nf5 Rc7 43. Nxh6 Kf4 44. Nf5 Kxf3 45. h6 Kf4 46. Ng7 Ke3 47. Kd1 Rc8 48. Nf5+ Kf3 49. Nd6 Rd8 50. h7 1-0

[Event "FICGS theme 0001 email"]
[Site "FICGS email"]
[Date "2010.09.18"]
[Round "1"]
[White "Csoma, Robert"]
[Black "Lois, Spyridon"]
[Result "0-1"]
[WhiteElo "1583"]
[BlackElo "1956"]
[PlyCount "50"]
[EventDate "2010.??.??"]
[EventType "swiss (corr)"]
[EventRounds "1"]
[SourceTitle "Corr 2013"]
[Source "ChessBase"]
[SourceDate "2012.11.12"]
[SourceVersion "1"]
[SourceVersionDate "2012.11.12"]
[SourceQuality "1"]

1. d4 Nf6 2. c4 g6 3. Nc3 Bg7 4. e4 d6 5. Nf3 0-0 6. Be2 e5 7. d5 Nbd7 8. Bg5 h6 9. Bh4 Qe8 10. 0-0 a5 11. Nd2 Nc5 12. a3 a4 13. f3 Nh5 14. b4 axb3 15. Nxb3 Na4 16. Nb5 Qd7 17. Re1 Bf6 18. Bxf6 Nxf6 19. Qd2 Kg7 20. Rec1 Qd8 21. c5 dxc5 22. Nxc5 Nxc5 23. Rxc5 c6 24. Nc3 Qb6 25. Qe3 Nd7 0-1

[Event "FICGS rapid A 000089 email"]
[Site "FICGS email"]
[Date "2010.09.16"]
[Round "1"]
[White "Lois, Spyridon"]
[Black "Cristancho, Fernando"]
[Result "0-1"]
[WhiteElo "1951"]
[BlackElo "2079"]
[PlyCount "36"]
[EventDate "2010.??.??"]
[EventType "tourn (rapid)"]
[EventRounds "6"]
[SourceTitle "Corr 2013"]
[Source "ChessBase"]
[SourceDate "2012.11.12"]
[SourceVersion "1"]
[SourceVersionDate "2012.11.12"]
[SourceQuality "1"]

1. c4 e5 2. Nc3 Bb4 3. Qb3 Nc6 4. Nf3 a5 5. Nd5 d6 6. a3 Bc5 7. e3 Nf6 8. Bd3 a4 9. Qc2 Bd7 10. 0-0 Nxd5 11. cxd5 Na5 12. Bxh7 Nb3 13. Rb1 Qf6 14. Be4 g5 15. d4 g4 16. Nxe5 Qh4 17. h3 dxe5 18. dxe5 0-0-0 0-1

[Event "FICGS rapid A 000089 email"]
[Site "FICGS email"]
[Date "2010.09.16"]
[Round "1"]
[White "Lois, Spyridon"]
[Black "Muller, Henrique"]
[Result "1/2-1/2"]
[WhiteElo "1951"]
[BlackElo "1950"]
[PlyCount "45"]
[EventDate "2010.??.??"]
[EventType "tourn (rapid)"]
[EventRounds "6"]
[SourceTitle "Corr 2013"]
[Source "ChessBase"]
[SourceDate "2012.11.12"]
[SourceVersion "1"]
[SourceVersionDate "2012.11.12"]
[SourceQuality "1"]

1. e4 c5 2. Nf3 d6 3. d4 cxd4 4. Nxd4 Nf6 5. Nc3 a6 6. Bg5 e6 7. f4 Qb6 8. Nb3 Be7 9. Qf3 Nbd7 10. 0-0-0 Qc7 11. Bd3 h6 12. Bh4 g5 13. e5 gxh4 14. exf6 Bxf6 15. Rhe1 Bxc3 16. bxc3 Rg8 17. c4 Nf6 18. Qf2 Qe7 19. Qxh4 Rxg2 20. Nd4 d5 21. Nf5 Qa3+ 22. Kb1 Qb4+ 23. Kc1 1/2-1/2

[Event "FICGS rapid A 000089 email"]
[Site "FICGS email"]
[Date "2010.09.16"]
[Round "1"]
[White "Riha, Josef"]
[Black "Lois, Spyridon"]
[Result "1-0"]
[WhiteElo "2041"]
[BlackElo "1951"]
[PlyCount "115"]
[EventDate "2010.??.??"]
[EventType "tourn (rapid)"]
[EventRounds "6"]
[SourceTitle "Corr 2013"]
[Source "ChessBase"]
[SourceDate "2012.11.12"]
[SourceVersion "1"]
[SourceVersionDate "2012.11.12"]
[SourceQuality "1"]

1. e4 e5 2. f4 exf4 3. Nf3 d5 4. exd5 Nf6 5. Bb5+ c6 6. dxc6 Nxc6 7. d4 Bd6 8. 0-0 0-0 9. Nbd2 Bg4 10. c3 Re8 11. Bd3 h6 12. Nc4 Bc7 13. a4 a6 14. a5 Rc8 15. Qb3 Rb8 16. Qc2 Be6 17. b4 Bd5 18. Bb2 Ng4 19. Rae1 Bxc4 20. Bxc4 Ne3 21. Rxe3 Rxe3 22. Bc1 Re8 23. Qf5 Re7 24. g3 Rc8 25. gxf4 Qd7 26. Qxd7 Rxd7 27. Bd3 Re8 28. Bd2 g6 29. Rf2 Bb8 30. Rg2 Ba7 31. Kf1 Rd6 32. h4 Kg7 33. h5 Rf6 34. Rg4 Ne7 35. Ne5 b5 36. axb6 Bxb6 37. Ke2 a5 38. b5 a4 39. Be4 a3 40. Rg1 Rd8 41. Kd3 Rfd6 42. Be3 f5 43. Bf3 a2 44. Ra1 Nd5 45. Rxa2 Nxe3 46. Kxe3 gxh5 47. Rh2 Ba5 48. Kd3 Bb6 49. Bxh5 Rd5 50. Rg2+ Kf8 51. Kc4 R5d6 52. Kb4 Rb8 53. Bf7 Rb7 54. Rg8+ Ke7 55. Bd5 Ra7 56. Nc6+ Rxc6 57. Bxc6 Kf7 58. Bd5+ 1-0

[Event "FICGS rapid A 000087 email"]
[Site "FICGS email"]
[Date "2010.08.11"]
[Round "1"]
[White "Kirali, Hasan"]
[Black "Lois, Spyridon"]
[Result "1-0"]
[WhiteElo "1905"]
[BlackElo "1956"]
[PlyCount "87"]
[EventDate "2010.??.??"]
[EventType "tourn (rapid)"]
[EventRounds "5"]
[SourceTitle "Corr 2013"]
[Source "ChessBase"]
[SourceDate "2012.11.12"]
[SourceVersion "1"]
[SourceVersionDate "2012.11.12"]
[SourceQuality "1"]

1. e4 e5 2. d4 exd4 3. Qxd4 Nc6 4. Qa4 Bc5 5. Nf3 d6 6. Bg5 f6 7. Bd2 Nge7 8. Bc4 Bg4 9. Qb3 Bxf3 10. Qxf3 Ne5 11. Qh5+ g6 12. Qe2 N7c6 13. Bb5 Qd7 14. f4 a6 15. Ba4 b5 16. fxe5 bxa4 17. exf6 Nd4 18. Qd3 0-0 19. Nc3 Rxf6 20. 0-0-0 Qg4 21. Be3 Ne6 22. Bxc5 dxc5 23. Kb1 Qxg2 24. Qc4 Re8 25. Qxa4 Rb8 26. Nd5 Rf2 27. Qc4 Rf7 28. e5 Kg7 29. b3 Rd8 30. Nf6 Qf3 31. Rdf1 Qh3 32. Rhg1 Re7 33. Rg4 Rd4 34. Rxd4 cxd4 35. Qxa6 Ng5 36. Nd5 Qe6 37. Qxe6 Rxe6 38. Nxc7 Rxe5 39. a4 Ne4 40. Kb2 Nc3 41. Rf4 Ne2 42. Rf2 h6 43. Nb5 g5 44. b4 1-0

[Event "FICGS rapid A 000087 email"]
[Site "FICGS email"]
[Date "2010.08.11"]
[Round "1"]
[White "Lois, Spyridon"]
[Black "Martinez, Chapo"]
[Result "0-1"]
[WhiteElo "1956"]
[BlackElo "1932"]
[PlyCount "104"]
[EventDate "2010.??.??"]
[EventType "tourn (rapid)"]
[EventRounds "5"]
[SourceTitle "Corr 2013"]
[Source "ChessBase"]
[SourceDate "2012.11.12"]
[SourceVersion "1"]
[SourceVersionDate "2012.11.12"]
[SourceQuality "1"]

1. e4 c5 2. Nf3 Nc6 3. d4 cxd4 4. Nxd4 g6 5. Be3 Bg7 6. Nc3 Nf6 7. Bc4 0-0 8. Bb3 d6 9. f3 Bd7 10. Qd2 Na5 11. 0-0-0 Rb8 12. Bh6 Bxh6 13. Qxh6 b5 14. Nd5 e5 15. Ne2 Nxb3+ 16. cxb3 Nxd5 17. Rxd5 Be6 18. Rd2 Qe7 19. Kb1 Rfc8 20. f4 f5 21. Rhd1 fxe4 22. fxe5 dxe5 23. Nc3 Rd8 24. Ka1 Bg4 25. Rf1 Rxd2 26. Qxd2 Rd8 27. Qe3 Bf5 28. Nxe4 Qh4 29. Ng3 Qd4 30. Qxd4 Rxd4 31. Nxf5 gxf5 32. Kb1 f4 33. Re1 e4 34. Kc2 b4 35. Re2 Kf7 36. a3 a5 37. Kc1 Ke6 38. Rc2 e3 39. Rc8 bxa3 40. bxa3 Rd3 41. Ra8 Kd7 42. Ra7+ Kc6 43. Ra6+ Kb5 44. Re6 Kc5 45. b4+ axb4 46. axb4+ Kxb4 47. Re8 Kc3 48. Rc8+ Kd4 49. Rd8+ Ke4 50. Re8+ Kf5 51. Re7 Rd2 52. g3 Ra2 0-1

[Event "FICGS rapid A 000087 email"]
[Site "FICGS email"]
[Date "2010.08.11"]
[Round "1"]
[White "Lois, Spyridon"]
[Black "Stephen"]
[Result "0-1"]
[WhiteElo "1956"]
[BlackElo "1996"]
[PlyCount "82"]
[EventDate "2010.??.??"]
[EventType "tourn (rapid)"]
[EventRounds "5"]
[SourceTitle "Corr 2013"]
[Source "ChessBase"]
[SourceDate "2012.11.12"]
[SourceVersion "1"]
[SourceVersionDate "2012.11.12"]
[SourceQuality "1"]

1. e4 c5 2. Nf3 d6 3. d4 cxd4 4. Nxd4 Nf6 5. Nc3 a6 6. Bg5 e6 7. f4 Qc7 8. Qf3 b5 9. Bxf6 gxf6 10. a3 Nc6 11. 0-0-0 Nxd4 12. Rxd4 Bb7 13. f5 Qc5 14. Rd1 Rc8 15. Kb1 Be7 16. Be2 Qe5 17. Rhe1 Bd8 18. Qe3 Ba5 19. Qa7 Bxc3 20. Qxb7 0-0 21. bxc3 Qxc3 22. Qb6 b4 23. Qd4 Qxc2+ 24. Ka1 Rc3 25. Qxb4 Rb3 26. Rd2 Rxa3+ 27. Qxa3 Qxd2 28. Rc1 Qxe2 29. Qg3+ Kh8 30. Qxd6 Re8 31. fxe6 Qe3 32. Qc5 Qxc5 33. Rxc5 Rxe6 34. Rc4 Rd6 35. Rc2 Rd1+ 36. Kb2 Re1 37. Kb3 Rxe4 38. g3 a5 39. Ra2 a4+ 40. Rxa4 Rxa4 41. Kxa4 Kg7 0-1

[Event "FICGS rapid A 000087 email"]
[Site "FICGS email"]
[Date "2010.08.11"]
[Round "1"]
[White "Valentin, Florea"]
[Black "Lois, Spyridon"]
[Result "1-0"]
[WhiteElo "1940"]
[BlackElo "1956"]
[PlyCount "95"]
[EventDate "2010.??.??"]
[EventType "tourn (rapid)"]
[EventRounds "5"]
[SourceTitle "Corr 2013"]
[Source "ChessBase"]
[SourceDate "2012.11.12"]
[SourceVersion "1"]
[SourceVersionDate "2012.11.12"]
[SourceQuality "1"]

1. e4 e5 2. Nf3 Nc6 3. Bb5 a6 4. Ba4 Nf6 5. 0-0 Be7 6. Re1 b5 7. Bb3 d6 8. c3 0-0 9. h3 Na5 10. Bc2 c5 11. d4 Qc7 12. Nbd2 cxd4 13. cxd4 Bd7 14. Nf1 Rac8 15. Ne3 Nc6 16. d5 Na5 17. b3 Qb6 18. Bd2 Rc7 19. Bd3 Rfc8 20. Nf1 h6 21. Be3 Qb7 22. Qd2 Bd8 23. Ng3 Rc3 24. b4 Ra3 25. bxa5 Bxa5 26. Qe2 Bxe1 27. Nxe1 Qc7 28. Qb2 Qc3 29. Qxc3 Raxc3 30. Bd2 R3c7 31. Rb1 Kf8 32. Rb3 Ke7 33. Ra3 Ra7 34. Nc2 a5 35. f4 exf4 36. Bxf4 a4 37. Nb4 Raa8 38. Kf2 Rc7 39. Ne2 Rc5 40. Nd4 g5 41. Bd2 Ke8 42. Nbc6 Bxc6 43. Nxc6 Kd7 44. Bb4 Kc7 45. Nd4 Kb6 46. Bxc5+ Kxc5 47. Nxb5 Nxe4+ 48. Bxe4 1-0

[Event "FICGS class B 000117 email"]
[Site "FICGS email"]
[Date "2010.07.25"]
[Round "1"]
[White "Lois, Spyridon"]
[Black "Wilson, Norman C"]
[Result "1-0"]
[WhiteElo "1956"]
[BlackElo "1835"]
[PlyCount "87"]
[EventDate "2010.??.??"]
[EventType "tourn (corr)"]
[EventRounds "6"]
[SourceTitle "Corr 2013"]
[Source "ChessBase"]
[SourceDate "2012.11.12"]
[SourceVersion "1"]
[SourceVersionDate "2012.11.12"]
[SourceQuality "1"]

1. e4 e5 2. Nf3 Nf6 3. Nxe5 Nxe4 4. Qe2 d6 5. Nxf7 Kxf7 6. Qxe4 c6 7. Qf4+ Qf6 8. Qxf6+ Kxf6 9. d3 d5 10. Be3 Nd7 11. Nc3 Bd6 12. Kd2 Re8 13. Re1 Kf7 14. g3 Nc5 15. Bg2 Bf5 16. Ne2 b5 17. Nd4 Bd7 18. c3 Ne6 19. f4 Nxd4 20. Bxd4 Rxe1 21. Rxe1 a5 22. Be5 Bxe5 23. Rxe5 Kf6 24. Ke3 Rc8 25. Bf3 h6 26. h4 Rg8 27. Kd4 Rh8 28. Kc5 g6 29. g4 Rd8 30. a3 Be8 31. d4 Kf7 32. Kb6 Kf8 33. Kxa5 Rd6 34. Kb6 Rf6 35. f5 h5 36. Kc7 Rf7+ 37. Kd8 Rd7+ 38. Kc8 Rf7 39. Bxd5 cxd5 40. fxg6 Rg7 41. gxh5 Bc6 42. Rf5+ Ke7 43. Kc7 Be8 44. Re5+ 1-0

[Event "FICGS rapid A 000084 email"]
[Site "FICGS email"]
[Date "2010.06.27"]
[Round "1"]
[White "Andreassen, Einar"]
[Black "Lois, Spyridon"]
[Result "0-1"]
[WhiteElo "2091"]
[BlackElo "2012"]
[PlyCount "52"]
[EventDate "2010.??.??"]
[EventType "tourn (rapid)"]
[EventRounds "6"]
[SourceTitle "Corr 2013"]
[Source "ChessBase"]
[SourceDate "2012.11.12"]
[SourceVersion "1"]
[SourceVersionDate "2012.11.12"]
[SourceQuality "1"]

1. f4 Nf6 2. Nf3 d5 3. e3 g6 4. Be2 Bg7 5. 0-0 0-0 6. c4 c5 7. d4 cxd4 8. Nxd4 Nc6 9. Nc3 Nxd4 10. exd4 dxc4 11. Bxc4 Bg4 12. Be2 Bxe2 13. Nxe2 Qd5 14. Nc3 Qd7 15. Qf3 Rfd8 16. h3 Nd5 17. Qxd5 Bxd4+ 18. Kh1 Qxd5 19. Nxd5 Rxd5 20. Rb1 Rad8 21. b4 e6 22. Bb2 Bxb2 23. Rxb2 Rd2 24. Rf2 Rxf2 25. Rxf2 Rd4 26. b5 Rb4 0-1

[Event "FICGS rapid A 000084 email"]
[Site "FICGS email"]
[Date "2010.06.27"]
[Round "1"]
[White "Lois, Spyridon"]
[Black "Pereira, Nilson Jose Espindo"]
[Result "1-0"]
[WhiteElo "2012"]
[BlackElo "1905"]
[PlyCount "49"]
[EventDate "2010.??.??"]
[EventType "tourn (rapid)"]
[EventRounds "6"]
[SourceTitle "Corr 2013"]
[Source "ChessBase"]
[SourceDate "2012.11.12"]
[SourceVersion "1"]
[SourceVersionDate "2012.11.12"]
[SourceQuality "1"]

1. e4 c5 2. Nf3 d6 3. d4 cxd4 4. Nxd4 Nf6 5. Nc3 a6 6. Be3 e5 7. Nb3 Be6 8. f3 Be7 9. Qd2 0-0 10. 0-0-0 Nbd7 11. g4 b5 12. g5 Nh5 13. Nd5 Bxd5 14. exd5 f6 15. g6 hxg6 16. Na5 Qe8 17. Rg1 f5 18. Nc6 Bd8 19. Qb4 Rf6 20. Nxd8 Qxd8 21. Kb1 Rc8 22. Rc1 Nf4 23. Bxf4 exf4 24. Qxf4 Qb6 25. Rg2 1-0

[Event "FICGS class A 000072 email"]
[Site "FICGS email"]
[Date "2010.06.09"]
[Round "1"]
[White "Lois, Spyridon"]
[Black "Simmelink, Joop Theo"]
[Result "0-1"]
[WhiteElo "2012"]
[BlackElo "2182"]
[PlyCount "80"]
[EventDate "2010.??.??"]
[EventType "tourn (corr)"]
[EventRounds "6"]
[SourceTitle "Corr 2013"]
[Source "ChessBase"]
[SourceDate "2012.11.12"]
[SourceVersion "1"]
[SourceVersionDate "2012.11.12"]
[SourceQuality "1"]

1. e4 e5 2. Nf3 Nc6 3. Bb5 a6 4. Ba4 Nf6 5. 0-0 Be7 6. Re1 b5 7. Bb3 0-0 8. c3 d5 9. exd5 Nxd5 10. Nxe5 Nxe5 11. Rxe5 c6 12. d4 Bd6 13. Re1 Qh4 14. g3 Qh3 15. Be3 Bg4 16. Qd3 Rae8 17. Nd2 Re6 18. a4 Qh5 19. axb5 axb5 20. Nf1 Bf5 21. Qd2 Be4 22. Bd1 Qg6 23. Qe2 b4 24. Bd2 Nf6 25. cxb4 h5 26. Ra3 h4 27. Ne3 Bc7 28. Ng4 hxg3 29. hxg3 Bd5 30. Nxf6+ Qxf6 31. Re3 Qf5 32. Rxe6 fxe6 33. f4 Rf6 34. Qf2 e5 35. Bf3 exf4 36. Bxd5+ Qxd5 37. Bxf4 Bxf4 38. gxf4 Rg6+ 39. Kf1 Qh5 40. Re7 Qh1+ 0-1

[Event "FICGS class A 000070 email"]
[Site "FICGS email"]
[Date "2010.04.24"]
[Round "1"]
[White "Lois, Spyridon"]
[Black "Riha, Josef"]
[Result "0-1"]
[WhiteElo "2016"]
[BlackElo "2048"]
[PlyCount "86"]
[EventDate "2010.??.??"]
[EventType "tourn (corr)"]
[EventRounds "5"]
[SourceTitle "Corr 2013"]
[Source "ChessBase"]
[SourceDate "2012.11.12"]
[SourceVersion "1"]
[SourceVersionDate "2012.11.12"]
[SourceQuality "1"]

1. e4 c5 2. Nf3 d6 3. d4 Nf6 4. Nc3 cxd4 5. Nxd4 a6 6. Bc4 e6 7. Bb3 b5 8. 0-0 Be7 9. Qf3 Qc7 10. Qg3 0-0 11. Bh6 Ne8 12. Rad1 Bd7 13. Nf3 Nc6 14. Bf4 Qb7 15. Rfe1 Rc8 16. e5 dxe5 17. Nxe5 Nxe5 18. Bxe5 Bc6 19. Ne2 Be4 20. Nf4 Bf5 21. c3 Kh8 22. Nh5 f6 23. Bf4 e5 24. Be3 Bg6 25. Bd5 Qc7 26. Be6 Rd8 27. Rxd8 Qxd8 28. Qf3 f5 29. Bc1 Bd6 30. Qd1 f4 31. Bd5 Bc7 32. g4 Bxh5 33. gxh5 Qg5+ 34. Kh1 Nf6 35. Qf3 Qh4 36. h6 Ng4 37. Kg1 Bb6 38. Re2 g5 39. c4 Qxh2+ 40. Kf1 Qh4 41. Ke1 Nxf2 42. Rxf2 bxc4 43. Qe2 Bd4 0-1

[Event "FICGS rapid A 000079 email"]
[Site "FICGS email"]
[Date "2010.03.26"]
[Round "1"]
[White "Bernal Varela, Nelson"]
[Black "Lois, Spyridon"]
[Result "1-0"]
[WhiteElo "2072"]
[BlackElo "2016"]
[PlyCount "129"]
[EventDate "2010.??.??"]
[EventType "tourn (rapid)"]
[EventRounds "6"]
[SourceTitle "Corr 2013"]
[Source "ChessBase"]
[SourceDate "2012.11.12"]
[SourceVersion "1"]
[SourceVersionDate "2012.11.12"]
[SourceQuality "1"]

1. e4 e5 2. Nf3 Nc6 3. Bb5 a6 4. Ba4 Nf6 5. 0-0 b5 6. Bb3 Be7 7. Re1 0-0 8. c3 d6 9. h3 Na5 10. Bc2 c5 11. d3 Qc7 12. Nbd2 Nc6 13. Nf1 Be6 14. Ne3 d5 15. a4 d4 16. Nf5 h6 17. Bb3 Bxf5 18. exf5 Bd6 19. Nh2 dxc3 20. Ng4 Be7 21. bxc3 b4 22. Bb2 Nxg4 23. Qxg4 Rad8 24. Bc4 Bf6 25. cxb4 Nxb4 26. Rad1 Kh8 27. Re4 Kh7 28. Qg3 Rfe8 29. Rde1 Nc2 30. R1e2 Nd4 31. Bxd4 cxd4 32. Bxa6 Re7 33. Bb5 Rc8 34. Re1 Qa5 35. Qg4 Rec7 36. R4e2 Qb4 37. Qe4 Kg8 38. Ra1 Rb8 39. Bc4 Qa5 40. Ree1 Rb4 41. f4 Re7 42. Qd5 Qc7 43. a5 Rb7 44. a6 Ra7 45. fxe5 Bxe5 46. Rab1 Kh7 47. Re4 Bh2+ 48. Kh1 Rd7 49. Qb5 Bg3 50. f6 g6 51. h4 Qd8 52. Rg4 Bd6 53. Rf1 Rac7 54. Qa5 Qb8 55. Rxd4 Qa7 56. Re4 Rc5 57. Qe1 Rf5 58. d4 Rc7 59. Bd3 Rxf1+ 60. Bxf1 h5 61. Qe3 Rc8 62. Re8 Rxe8 63. Qxe8 Qc7 64. d5 Bb4 65. g3 1-0

[Event "FICGS rapid A 000079 email"]
[Site "FICGS email"]
[Date "2010.03.26"]
[Round "1"]
[White "Lois, Spyridon"]
[Black "Orlov, Sergey Gennadievich"]
[Result "0-1"]
[WhiteElo "2016"]
[BlackElo "1990"]
[PlyCount "94"]
[EventDate "2010.??.??"]
[EventType "tourn (rapid)"]
[EventRounds "6"]
[SourceTitle "Corr 2013"]
[Source "ChessBase"]
[SourceDate "2012.11.12"]
[SourceVersion "1"]
[SourceVersionDate "2012.11.12"]
[SourceQuality "1"]

1. e4 e6 2. d4 d5 3. Nc3 Nf6 4. Bg5 Bb4 5. e5 h6 6. exf6 hxg5 7. fxg7 Rg8 8. Qd3 Qf6 9. 0-0-0 Nc6 10. Nb5 Ba5 11. Qg3 Qe7 12. h4 Rxg7 13. c3 a6 14. Na3 g4 15. Nc2 Bd7 16. h5 0-0-0 17. Ne2 Rh8 18. Ne3 Qg5 19. Qh4 Ne7 20. g3 c6 21. Nf4 Ng8 22. Be2 f5 23. Qxg5 Rxg5 24. Neg2 Bc7 25. Bd3 Rh6 26. Rhe1 Kb8 27. Rd2 Nf6 28. Nxe6 Rgxh5 29. Nxc7 Kxc7 30. Nh4 Ne4 31. Rde2 b6 32. Kc2 a5 33. a3 a4 34. Kb1 Rd6 35. Rc1 f4 36. Bxe4 dxe4 37. Rg1 Rf6 38. Kc1 e3 39. fxe3 fxg3 40. Ng2 Rh2 41. Kd1 Rf3 42. Nf4 c5 43. dxc5 Bb5 44. Reg2 Bc6 45. Rxg3 Rff2 46. cxb6+ Kxb6 47. Nd3 Rd2+ 0-1

[Event "FICGS rapid A 000079 email"]
[Site "FICGS email"]
[Date "2010.03.26"]
[Round "1"]
[White "Panov, Dmitry"]
[Black "Lois, Spyridon"]
[Result "1/2-1/2"]
[WhiteElo "1988"]
[BlackElo "2016"]
[PlyCount "115"]
[EventDate "2010.??.??"]
[EventType "tourn (rapid)"]
[EventRounds "6"]
[SourceTitle "Corr 2013"]
[Source "ChessBase"]
[SourceDate "2012.11.12"]
[SourceVersion "1"]
[SourceVersionDate "2012.11.12"]
[SourceQuality "1"]

1. e4 e5 2. Nf3 Nc6 3. Bc4 Nf6 4. d3 Bc5 5. 0-0 0-0 6. c3 d6 7. b4 Bb6 8. a4 a6 9. a5 Ba7 10. Re1 Be6 11. Bxe6 fxe6 12. Nbd2 Qd7 13. Nc4 Nh5 14. Rb1 Ne7 15. Rf1 h6 16. Be3 Qe8 17. Bxa7 Rxa7 18. g3 Ra8 19. Ncd2 Nf6 20. Qb3 Nc6 21. Rbe1 Qf7 22. d4 exd4 23. Nxd4 Nxd4 24. cxd4 Rae8 25. f4 Qd7 26. Rf2 Re7 27. Rfe2 Rd8 28. Nf3 Qb5 29. Rc2 Rde8 30. Kg2 Kh8 31. h3 Kh7 32. Rcc1 g6 33. Rc2 Rf8 34. Rce2 Rfe8 35. Kh2 Nd7 36. e5 d5 37. Rc2 Rf7 38. Kg1 c6 39. Rec1 Rc8 40. Qa3 Kg7 41. Kf2 b6 42. axb6 Qxb6 43. Kg2 Nb8 44. Rc5 Rb7 45. Qd3 Nd7 46. Nh4 Nf8 47. Rb1 Rcb8 48. Nf3 Nd7 49. Nh4 Nf8 50. Nf3 Nd7 51. Rcc1 Nf8 52. g4 Rf7 53. Kg3 Qb5 54. Ne1 Qb6 55. Nf3 Qb5 56. Qc2 Rc8 57. Rb2 Rb8 58. Ra1 1/2-1/2